Etoiles de la Grande ourse - Statistiques

Statistiques générales
  • Ce quiz a été pris 25 fois
  • Le résultat moyen est 3 sur 7
Statistiques - réponses
Hint Réponse % Correct
Une étoile brillante orange Dubhe
73%
L'étoile du milieu du manche Mizar
55%
L'étoile qui ferme le manche, la plus brillante Alioth
45%
La pointe du manche de la casserole Alkaïd
45%
La moins brillante Megrez
45%
Le coin inférieur droit de la casserole Mirak / Merak
45%
Celle du dessous de la précédente, le coin inférieur gauche de la casserole Phad / Phecda
27%
Aucun quiz correspondant
Distribution des résultats
% des personnes avec chaque résultat
Percentile par nombre de réponses
Votre historique - résultats
Vous n’avez pas pris ce quiz